| 000 | 01425cam a22003131i 4500 | ||
|---|---|---|---|
| 003 | SA-RiAUC | ||
| 005 | 20250722065418.0 | ||
| 008 | 250721s2003 su g b f000 0dara c | ||
| 040 |
_aSA-EnSBSSC _bara _cSA-RiAUC _erda |
||
| 043 | _aa-su--- | ||
| 050 | 4 | _bS58 2003 | |
| 082 | 0 | 4 |
_a070.509531 _qSA-RiAUC |
| 090 |
_a070.509531 _b ش ق ي |
||
| 100 | 1 |
_aالشقير، عبد الرحمن بن عبد الله _eمؤلف. |
|
| 245 | 1 | 0 |
_aطباعة الكتب ووقفها عند الملك عبد العزيز : _bدراسة تحليلية وقائمة ببليوجرافية / _cعبد الرحمن بن عبد الله الشقير. |
| 264 | 1 |
_aالرياض: _bدارة الملك عبد العزيز، _c2003 |
|
| 300 |
_a193 صفحة ؛ _c24 سم. |
||
| 336 |
_aنص _btxt _2rdacontent _3كتاب |
||
| 337 |
_aبدون وسيط _bn _2rdamedia |
||
| 338 |
_aمجلد _bnc _2rdacarrier |
||
| 490 | 0 |
_aإصدارات دارة الملك عبد العزيز ؛ _v137 |
|
| 650 | 7 |
_aنشر الكتب _zالسعودية _2aucsh |
|
| 650 | 7 |
_aالوقف _zالسعودية _2aucsh |
|
| 650 | 7 |
_aالمطبوعات العربية _zالسعودية _vببليوجرافيات _2aucsh |
|
| 651 | 7 |
_aالسعودية _xتاريخ _yعبد العزيز بن عبد الرحمن، 1319-1373 هجري _2aucsh |
|
| 653 | _aالمعارف العامة | ||
| 942 |
_2ddc _cBOOK _n0 |
||
| 949 |
_aSA-JeALM _d250721 _uosman123 _n1 |
||
| 999 |
_c10182 _d10182 |
||